[Event "Skalica op-B"]
[Site "Skalica"]
[Date "2022.08.22"]
[Round "3"]
[White "Svoboda, Daniel"]
[Black "Kozusnik, Roman"]
[Result "1-0"]
[WhiteElo "1655"]
[BlackElo "1421"]
[PlyCount "85"]
[EventDate "2022.08.20"]
[EventType "swiss"]
[EventRounds "9"]
[EventCountry "SVK"]
[SourceTitle "CBM 209 Extra"]
[Source "ChessBase"]
[SourceDate "2022.09.30"]
[SourceVersion "1"]
[SourceVersionDate "2022.09.30"]
[SourceQuality "1"]

1. e4 e5 2. Nf3 Nf6 3. Nxe5 d6 4. Nf3 Nxe4 5. Nc3 Nxc3 6. dxc3 Be6 7. Be3 Nc6 8. Qd2 a6 9. 0-0-0 Qd7 10. Kb1 0-0-0 11. Nd4 Be7 12. Nxe6 fxe6 13. g3 h6 14. Bh3 Bf6 15. Bd4 Kb8 16. Rhe1 Rde8 17. f4 Qf7 18. Bg2 Nd8 19. c4 Rhg8 20. Bxf6 gxf6 21. Re3 Qd7 22. Rb3 Nc6 23. c5 Rd8 24. Rd3 d5 25. f5 d4 26. fxe6 Qxe6 27. Bxc6 Qxc6 28. Rxd4 Rxd4 29. Qxd4 Rg5 30. Qd8+ Ka7 31. Qd4 Qxc5 32. Qxf6 Rd5 33. Rc1 Rd6 34. Qf1 Rd2 35. h4 Rf2 36. Qg1 Qe3 37. g4 Qf3 38. Rf1 Qxg4 39. Qxf2+ b6 40. a3 h5 41. Qf4 Qd7 42. Qf7 Qc6 43. Qxh5 1-0

[Event "Skalica op-B"]
[Site "Skalica"]
[Date "2022.08.20"]
[Round "1"]
[White "Hrbek, Jachym"]
[Black "Kozusnik, Roman"]
[Result "1-0"]
[WhiteElo "1779"]
[BlackElo "1421"]
[PlyCount "67"]
[EventDate "2022.08.20"]
[EventType "swiss"]
[EventRounds "9"]
[EventCountry "SVK"]
[SourceTitle "CBM 209 Extra"]
[Source "ChessBase"]
[SourceDate "2022.09.30"]
[SourceVersion "1"]
[SourceVersionDate "2022.09.30"]
[SourceQuality "1"]

1. c4 e5 2. Nc3 Nf6 3. Nf3 Nc6 4. e3 d5 5. cxd5 Nxd5 6. Bb5 Nxc3 7. bxc3 Qf6 8. Qa4 Bd7 9. Rb1 a6 10. 0-0 Rd8 11. Be2 Nd4 12. Qd1 Nxe2+ 13. Qxe2 Bg4 14. Rxb7 e4 15. Qc4 Bxf3 16. gxf3 exf3 17. Qa4+ c6 18. Qe4+ Be7 19. Kh1 Rd7 20. Rb6 0-0 21. Rxa6 Bd6 22. Qg4 Qh6 23. h3 f5 24. Qxf3 g5 25. Rg1 Rg7 26. Ba3 g4 27. Qg2 Rd8 28. Rxc6 Rg6 29. Bxd6 gxh3 30. Qd5+ Kg7 31. Be5+ Kf8 32. Qxd8+ Kf7 33. Rc7+ Ke6 34. Qd6# 1-0

[Event "Skalica op-B"]
[Site "Skalica"]
[Date "2021.08.23"]
[Round "3"]
[White "Kozusnik, Roman"]
[Black "Dubanova, Kristina"]
[Result "1-0"]
[WhiteElo "1368"]
[BlackElo "1074"]
[PlyCount "50"]
[EventDate "2021.08.21"]
[EventType "swiss"]
[EventRounds "9"]
[EventCountry "SVK"]
[SourceTitle "CBM 204 Extra"]
[Source "ChessBase"]
[SourceDate "2021.11.30"]
[SourceVersion "1"]
[SourceVersionDate "2021.11.30"]
[SourceQuality "1"]

1. d4 d5 2. c4 dxc4 3. e3 Nf6 4. Bxc4 Bf5 5. Qb3 e6 6. Qxb7 Be4 7. Qb5+ Bc6 8. Qg5 h6 9. Qg3 Bd6 10. f4 Nbd7 11. Nc3 Rb8 12. Nf3 Rg8 13. b3 Bb4 14. Bd2 Bxc3 15. Bxc3 Ne4 16. Qh3 Qe7 17. Bb2 a5 18. 0-0 Qf6 19. Rac1 Kd8 20. Bxe6 Bb5 21. Bc4 g5 22. fxg5 hxg5 23. Qh7 Re8 24. Ne5 Qe7 25. Rxf7 Qd6 1-0